[Event "Najdorf Memorial"]
[Site "Warsaw POL"]
[Date "2024.07.13"]
[Round "5.9"]
[White "Sujkowski, Pawel"]
[Black "Sriram, Jha"]
[Result "0-1"]
[WhiteElo "1985"]
[BlackElo "2304"]

1. d4 d5 2. c4 c6 3. Nf3 Nf6 4. Nc3 a6 5. a4 e6 6. Bg5 a5 7. e3 Na6 8. Be2
Be7 9. O-O O-O 10. Ne5 Nb4 11. Na2 Nxa2 12. Rxa2 Ne4 13. Bxe7 Qxe7 14. f3
Nd6 15. c5 Nf5 16. Ra3 f6 17. Ng4 e5 18. Bd3 exd4 19. Bxf5 Bxf5 20. exd4
Bxg4 21. fxg4 Rae8 22. Rb3 Rf7 23. Qd2 Qe2 24. Qxe2 Rxe2 25. g5 f5 26. Rf2
Re1+ 27. Rf1 Re4 28. Rd1 Rfe7 29. Rd2 Rg4 30. Kf2 Rxg5 31. h3 Rg6 32. Rf3
Rf6 33. Re2 Re4 34. Rb3 Rf7 35. Rxe4 fxe4+ 36. Ke2 Re7 37. Rb6 Kf7 38. b4
axb4 39. a5 Rc7 40. Rxb4 Kf6 41. Rb1 Kg5 42. g3 Kf6 43. Ke3 Ke6 44. Kf4
Rf7+ 45. Kg4 Re7 46. Rb6 e3 47. Rb2 Kf6 48. Kf3 h5 49. Ke2 Kf5 50. Rb3 h4
51. gxh4 Kf4 52. h5 Kg3 53. Rb6 Kf4 54. Rb3 Kg5 55. Rb6 Kf5 56. Rb3 Kf4 57.
Rd3 Re4 58. Rb3 Rxd4 59. Rxb7 Rd2+ 60. Ke1 Ra2 61. Rxg7 d4 62. Rd7 Ke4 63.
h6 d3 0-1

[Event "Najdorf Memorial"]
[Site "Warsaw POL"]
[Date "2024.07.13"]
[Round "5.10"]
[White "Fus, Jakub"]
[Black "Wiech, Grzegorz"]
[Result "0-1"]
[WhiteElo "2444"]
[BlackElo "2106"]

1. Nf3 c5 2. g3 Nc6 3. Bg2 e5 4. c4 Nf6 5. Nc3 Be7 6. d3 O-O 7. Nd2 d6 8.
Nf1 Be6 9. Ne3 Qd7 10. h3 Ne8 11. Ned5 Bd8 12. a3 Ne7 13. b4 Rb8 14. Be3 b6
15. Rb1 Rc8 16. bxc5 dxc5 17. Qa4 Nc6 18. Bd2 Kh8 19. e3 Bf5 20. Ne4 Nc7
21. Ndc3 Be7 22. Rd1 Rfd8 23. Bc1 Ne8 24. Nd5 Be6 25. Nec3 Nf6 26. Bb2 Ne8
27. Kf1 f6 28. Kg1 Bf8 29. Kh2 Ne7 30. Qc2 Nc7 31. Nxe7 Bxe7 32. Rhf1 Bf5
33. Ne4 Ne8 34. Qb3 Qe6 35. g4 Bg6 36. Ng3 Nd6 37. Bd5 Qd7 38. Qc2 Ne8 39.
Qe2 Nc7 40. Be4 Bxe4 41. Nxe4 Bd6 42. Rg1 Ne6 43. h4 Bc7 44. Qf3 Qc6 45.
Qf5 Rf8 46. Kh3 Nf4+ 47. exf4 g6 48. Qxc8 Rxc8 49. fxe5 Bxe5 50. Bxe5 fxe5
51. Rg3 Rf8 52. Re1 Qd7 53. Ree3 Rf4 54. Nc3 h5 55. f3 Qd4 56. Nd5 Kg7 57.
a4 Kf7 58. Rg2 Qa1 59. Kh2 Qf1 60. Rxe5 Rxf3 61. gxh5 gxh5 62. Rxh5 Qxd3
63. Rhg5 Rh3+ 64. Kg1 Qd1+ 65. Kf2 Rf3# 0-1

[Event "Najdorf Memorial"]
[Site "Warsaw POL"]
[Date "2024.07.13"]
[Round "5.11"]
[White "Romanishin, Oleg M"]
[Black "Smietanska, Wiktoria"]
[Result "1/2-1/2"]
[WhiteElo "2331"]
[BlackElo "2125"]

1. Nf3 d5 2. g3 Bg4 3. Bg2 c6 4. c4 e6 5. Qb3 Qb6 6. Ne5 Bf5 7. O-O Bd6 8.
d4 Nf6 9. Bf4 O-O 10. c5 Qxb3 11. axb3 Be7 12. b4 Nbd7 13. Nd2 Nxe5 14.
Bxe5 Nd7 15. Bf4 Bf6 16. Bd6 Rfe8 17. Nb3 a6 18. Rfc1 e5 19. e3 exd4 20.
Nxd4 Bxd4 21. exd4 Re2 22. b5 Rxb2 23. bxc6 bxc6 24. Ra3 a5 25. Rca1 Rb1+
26. Rxb1 Bxb1 27. Bf3 Bc2 28. Rc3 Ba4 29. Be2 Nf8 30. Ra3 Bc2 31. Rc3 Bf5
32. Bd1 Ne6 33. g4 Bb1 34. Rb3 Ba2 35. Rb6 Rc8 36. Ra6 Nxd4 37. Rxa5 Bc4
38. f3 Nb5 39. Ba4 f6 40. Kf2 Re8 41. Bxb5 Bxb5 42. Ra7 d4 43. h4 d3 44.
Bf4 h6 45. Be3 Bc4 46. Ra4 Bb5 47. Rd4 Ra8 48. f4 Re8 1/2-1/2

[Event "Najdorf Memorial"]
[Site "Warsaw POL"]
[Date "2024.07.13"]
[Round "5.12"]
[White "Kaczmarek, Arkadiusz"]
[Black "Deszczynski, Adam"]
[Result "0-1"]
[WhiteElo "2103"]
[BlackElo "2305"]

1. d4 d6 2. c4 e5 3. Nf3 e4 4. Ng5 f5 5. Nc3 Be7 6. Nh3 Nf6 7. Bg5 c6 8. e3
Na6 9. Nf4 Nc7 10. Qb3 Ng4 11. Bxe7 Qxe7 12. h4 Ne6 13. Nxe6 Bxe6 14. g3
O-O 15. Qa3 c5 16. Rd1 a6 17. Be2 Rac8 18. b3 Nf6 19. b4 cxb4 20. Qxb4 Rc7
21. O-O Rfc8 22. d5 Bd7 23. a4 Be8 24. a5 Bh5 25. Rd4 Bxe2 26. Nxe2 Ng4 27.
Rb1 Ne5 28. Kg2 Nxc4 29. Nf4 Ne5 30. Ne6 Rc1 31. Rd1 Rxd1 32. Rxd1 Nd3 33.
Qb3 Qd7 34. Rb1 Nc5 35. Nxc5 Rxc5 36. Qxb7 Qxb7 37. Rxb7 Rxd5 38. Rb6 Rxa5
39. Rxd6 Kf7 40. Rb6 Ra2 41. Rb7+ Kg6 42. Rb6+ Kh5 43. Rb7 Kh6 44. Rb6+ g6
45. Rb7 a5 46. Ra7 a4 47. Kg1 a3 48. Kg2 g5 49. Ra6+ Kh5 50. hxg5 Kxg5 51.
Kg1 h6 52. Kf1 h5 53. Kg2 h4 54. gxh4+ Kxh4 55. Rf6 Kg4 56. Rg6+ Kh5 57.
Rf6 Kg5 58. Rf8 Rb2 59. Ra8 a2 60. Kg3 Kf6 61. Ra5 Re2 62. Ra6+ Ke5 63.
Ra5+ Kd6 0-1

[Event "Najdorf Memorial"]
[Site "Warsaw POL"]
[Date "2024.07.13"]
[Round "5.13"]
[White "Mulawa, Cyprian"]
[Black "Kazmierowski, Tymon"]
[Result "1-0"]
[WhiteElo "2302"]
[BlackElo "2096"]

1. e4 e6 2. Qe2 c5 3. Nf3 Nc6 4. g3 Nf6 5. Bg2 d5 6. exd5 Nxd5 7. O-O Be7
8. Rd1 O-O 9. d4 cxd4 10. Nxd4 Nxd4 11. Rxd4 Bf6 12. Rd1 Qc7 13. c4 Nb6 14.
Na3 Bd7 15. Bf4 e5 16. Be3 Rad8 17. c5 Nc8 18. Nb5 Qb8 19. Nc3 Bc6 20. Nd5
Bxd5 21. Bxd5 Ne7 22. Be4 Nc6 23. b4 Qc8 24. Qc4 a6 25. a4 Nd4 26. Kg2 Nf5
27. Bxf5 Qxf5 28. Rd5 Rxd5 29. Qxd5 Rd8 30. Qxb7 e4 31. Rf1 h5 32. f3 exf3+
33. Rxf3 Qc2+ 34. Rf2 Qxa4 35. c6 Qb5 36. Qxb5 axb5 37. c7 Rc8 38. Bb6 Be7
39. Rd2 1-0

[Event "Najdorf Memorial"]
[Site "Warsaw POL"]
[Date "2024.07.13"]
[Round "5.14"]
[White "Praczukowski, Stanislaw"]
[Black "Chomczyk, Marek"]
[Result "1/2-1/2"]
[WhiteElo "2086"]
[BlackElo "2297"]

1. d4 Nf6 2. c4 e6 3. Nf3 d5 4. e3 Be7 5. b3 O-O 6. Bb2 b6 7. Bd3 Bb7 8.
O-O dxc4 9. Bxc4 Nbd7 10. Qe2 Ne4 11. Nc3 Ndf6 12. Rfd1 Nxc3 13. Bxc3 Ne4
14. Bb2 a5 15. Nd2 Nxd2 16. Rxd2 a4 17. bxa4 Rxa4 18. Bb3 Ra5 19. e4 Bb4
20. Rdd1 Qh4 21. d5 exd5 22. exd5 Bd6 23. g3 Qg5 24. Rd4 f5 25. Rh4 Kh8 26.
Rd1 Raa8 27. Re1 Ba6 28. Qd1 Rae8 29. Re6 Rxe6 30. dxe6 Bb7 31. Bd5 Bxd5
32. Qxd5 Qg6 33. Be5 Re8 34. Bxd6 cxd6 35. Rc4 h6 36. Qxd6 Qxe6 37. Qxe6
1/2-1/2

[Event "Najdorf Memorial"]
[Site "Warsaw POL"]
[Date "2024.07.13"]
[Round "5.15"]
[White "Koziorowicz, Michal"]
[Black "Zalega, Maciej"]
[Result "1/2-1/2"]
[WhiteElo "2285"]
[BlackElo "2093"]

1. d4 Nf6 2. c4 e6 3. Nf3 c5 4. d5 exd5 5. cxd5 d6 6. Nc3 g6 7. g3 Bg7 8.
Bg2 O-O 9. O-O a6 10. a4 Nbd7 11. Nd2 Rb8 12. Nc4 Ne8 13. Qc2 Ne5 14. Nxe5
Bxe5 15. Bh6 Ng7 16. e3 f5 17. Rfe1 b5 18. axb5 axb5 19. f4 Bf6 20. e4 Re8
21. Kh1 b4 22. Bxg7 1/2-1/2

[Event "Najdorf Memorial"]
[Site "Warsaw POL"]
[Date "2024.07.13"]
[Round "5.17"]
[White "Rozycki, Bartlomiej"]
[Black "Dhananjay, S"]
[Result "1/2-1/2"]
[WhiteElo "2099"]
[BlackElo "2207"]

1. e4 c5 2. Nf3 d6 3. d4 cxd4 4. Nxd4 Nf6 5. Nc3 Nc6 6. Bg5 e6 7. Qd2 a6 8.
O-O-O Bd7 9. f4 Be7 10. Nf3 b5 11. Bxf6 gxf6 12. Kb1 Qb6 13. f5 O-O-O 14.
g3 Kb8 15. fxe6 fxe6 16. Bh3 Na5 17. Nd4 b4 18. Nce2 e5 19. Bxd7 Rxd7 20.
Nf5 Nc4 21. Qd3 Rc8 22. Nc1 Rdc7 23. Nb3 Bf8 24. Nd2 d5 25. Qxd5 Nxb2 26.
Kxb2 Rxc2+ 27. Kb1 Qc7 28. Qd3 Rc3 29. Qxa6 Rb3+ 30. Nxb3 1/2-1/2

[Event "Najdorf Memorial"]
[Site "Warsaw POL"]
[Date "2024.07.13"]
[Round "5.18"]
[White "Chiszko, Oskar"]
[Black "Patil, Harshal"]
[Result "0-1"]
[WhiteElo "2192"]
[BlackElo "2083"]

1. d4 c5 2. d5 e6 3. c4 exd5 4. cxd5 d6 5. Nc3 g6 6. Nf3 Bg7 7. e4 Bg4 8.
Bb5+ Nd7 9. Bf4 a6 10. Bxd7+ Qxd7 11. O-O Ne7 12. h3 Bxf3 13. Qxf3 O-O 14.
Qg3 Rad8 15. Rad1 b5 16. Rd2 h6 17. h4 f6 18. Be3 f5 19. f3 Kh7 20. Ne2 Qe8
21. Nf4 Be5 22. Qh3 Rf6 23. g3 Rb8 24. Ne6 Rf7 25. f4 Bh8 26. h5 gxh5 27.
Rh2 Rf6 28. Bd2 fxe4 29. f5 Nxd5 30. Re2 e3 31. Bxe3 Nxe3 32. Rxe3 Qf7 33.
g4 Rg8 34. Rg3 hxg4 35. Qh1 Rxe6 36. fxe6 Bd4+ 37. Kg2 Qxe6 38. Kh2 Rg5 39.
Qb7+ Kg6 40. Re3 Bxe3 0-1

[Event "Najdorf Memorial"]
[Site "Warsaw POL"]
[Date "2024.07.13"]
[Round "5.19"]
[White "Czajkowski, Adam"]
[Black "Gacek, Waldemar"]
[Result "1/2-1/2"]
[WhiteElo "2184"]
[BlackElo "2081"]

1. e4 c6 2. Nc3 d5 3. Nf3 Bg4 4. h3 Bxf3 5. Qxf3 e6 6. Be2 Bc5 7. O-O Nd7
8. d3 Ne7 9. Qg3 Bd4 10. Nd1 Qb8 11. Qxb8+ Rxb8 12. c3 Bb6 13. exd5 cxd5
14. d4 Bc7 15. Ne3 Nc6 16. Rd1 O-O 17. c4 dxc4 18. d5 exd5 19. Nxd5 Be5 20.
Bxc4 Nf6 21. Rb1 Nxd5 22. Bxd5 Ne7 23. Be3 b6 24. Bb3 Rfd8 25. Bg5 Bf6 26.
Bxf6 gxf6 27. Rbc1 Rxd1+ 28. Rxd1 Rb7 29. f4 Rc7 30. Kf2 Kg7 31. Kf3 f5 32.
Rd6 f6 33. Be6 Kg6 34. g3 Kg7 35. Rd7 Rxd7 36. Bxd7 Kg6 37. Ke3 Nd5+ 38.
Kd4 Nc7 39. b4 Na6 40. Kc4 Nc7 41. a4 h6 42. h4 Kf7 43. Bxf5 Ke7 44. g4 Kd6
45. g5 fxg5 46. fxg5 hxg5 47. hxg5 Ke5 48. Bd7 Na6 49. Kb5 Nc7+ 50. Kc6 Na6
51. Kb7 Nxb4 52. Kxa7 Nd5 53. Bc6 Nc3 54. Kxb6 Nxa4+ 55. Bxa4 Kf5 56. Bc2+
Kxg5 1/2-1/2

[Event "Najdorf Memorial"]
[Site "Warsaw POL"]
[Date "2024.07.13"]
[Round "5.20"]
[White "Padalka, Artem"]
[Black "Jasiulewicz, Dawid"]
[Result "1/2-1/2"]
[WhiteElo "2177"]
[BlackElo "2073"]

1. d4 d5 2. c4 dxc4 3. Nf3 Nf6 4. e3 e6 5. Bxc4 c5 6. O-O a6 7. a4 Nc6 8.
Qe2 cxd4 9. Rd1 Be7 10. exd4 O-O 11. Nc3 Nb4 12. Ne5 Bd7 13. h4 Bc6 14.
Nxc6 bxc6 15. a5 Qc7 16. g3 Rfd8 17. Bf4 Bd6 18. Bg5 Be7 19. Ra4 Qb7 20. h5
h6 21. Bf4 Rd7 22. Be5 Rad8 23. Raa1 Qa7 24. Na4 Nfd5 25. Rac1 Bg5 26. Nc5
Bxc1 27. Rxc1 Re7 28. Qg4 f6 29. Bf4 Nxf4 30. gxf4 Nd5 31. Nxe6 Qd7 32. f5
Rb8 33. Bxa6 Rxb2 34. Bc4 Qa7 35. Bxd5 Qxa5 36. Bxc6 Qd2 37. Rf1 Qc3 38.
Bd5 Rb5 39. Be4 Rxe6 40. fxe6 Rg5 41. Qxg5 hxg5 42. Rd1 f5 43. Bg2 Qc2 44.
Ra1 Kf8 45. d5 Qd2 46. Bf3 Qd3 47. Bg2 Qd4 48. Ra8+ Ke7 49. Rh8 Qa1+ 50.
Bf1 Qd1 51. Rh7 Qxd5 52. Rxg7+ Kxe6 53. Rxg5 Kf6 54. Rg6+ Kf7 55. Be2 Qe4
56. Kf1 Qh1+ 57. Rg1 Qh3+ 58. Ke1 Qc3+ 59. Kf1 Qh3+ 1/2-1/2

[Event "Najdorf Memorial"]
[Site "Warsaw POL"]
[Date "2024.07.13"]
[Round "5.21"]
[White "Bartodziej, Bartosz"]
[Black "Pujari, Rucha"]
[Result "0-1"]
[WhiteElo "2005"]
[BlackElo "2173"]

1. e4 e5 2. Nf3 Nc6 3. Bc4 Nf6 4. d3 Be7 5. O-O O-O 6. Nc3 d6 7. a4 Be6 8.
Nd5 h6 9. c3 Qd7 10. Re1 a5 11. h3 Rae8 12. Qb3 Qc8 13. d4 exd4 14. cxd4
Bd7 15. Bd2 Bd8 16. Bd3 Kh8 17. Rac1 Bxh3 18. gxh3 Qxh3 19. Bf1 Qg4+ 20.
Bg2 Nxe4 21. Be3 f5 22. Nf4 Kh7 23. d5 Nb4 24. Nh2 Qh4 25. Ne6 Rf6 26. f3
Nc5 27. Bxc5 dxc5 28. f4 Rg6 29. Re3 c4 30. Qxc4 c6 31. Nf3 Qg4 32. Qe2 Bb6
33. Nfd4 Bxd4 34. Nxd4 Rxe3 35. Qxg4 fxg4 36. Nf5 Re2 37. d6 Rd2 38. Be4
Kh8 39. Re1 Re6 40. Kf1 h5 41. Bxc6 Rxe1+ 42. Kxe1 Rxd6 43. Nxd6 bxc6 44.
Nc4 Nd3+ 45. Kf1 h4 46. Nxa5 h3 47. Nxc6 h2 48. Kg2 g3 49. Ne5 Nf2 0-1

[Event "Najdorf Memorial"]
[Site "Warsaw POL"]
[Date "2024.07.13"]
[Round "5.22"]
[White "Dahale, Atul"]
[Black "Gbiorczyk, Mikolaj"]
[Result "1-0"]
[WhiteElo "2169"]
[BlackElo "2034"]

1. d4 Nf6 2. c4 g6 3. Nc3 Bg7 4. e4 d6 5. Be2 O-O 6. Be3 Nc6 7. d5 Ne5 8.
h3 e6 9. Nf3 Nxf3+ 10. Bxf3 Ne8 11. Qd2 c5 12. Rd1 e5 13. g4 f5 14. gxf5
gxf5 15. Bg5 Qd7 16. Rg1 Kh8 17. Qe2 a6 18. exf5 Qxf5 19. Be4 Qf7 20. Rd3
Nf6 21. Rf3 Bd7 22. Bxh7 Kxh7 23. Ne4 Qe7 24. Nxf6+ Rxf6 25. Qe4+ Rf5 26.
Rxf5 Bxf5 27. Qxf5+ Kh8 28. Qg6 1-0

[Event "Najdorf Memorial"]
[Site "Warsaw POL"]
[Date "2024.07.13"]
[Round "5.23"]
[White "Jarzebowski, Kacper"]
[Black "Sanz Losada, Victoriano"]
[Result "0-1"]
[WhiteElo "2131"]
[BlackElo "2002"]

1. e4 e6 2. d4 d5 3. e5 c5 4. c3 Nc6 5. Nf3 f6 6. exf6 Nxf6 7. Bd3 Bd6 8.
O-O O-O 9. Re1 Qc7 10. Na3 a6 11. Qe2 cxd4 12. cxd4 Bd7 13. Nc2 Rae8 14.
Ne5 Qb6 15. Be3 Re7 16. g4 Be8 17. Kg2 Bxe5 18. dxe5 d4 19. exf6 dxe3 20.
Qxe3 Qxe3 21. Rxe3 gxf6 22. Bc4 Bf7 23. Rd1 Ne5 24. Bb3 Ng6 25. Nd4 Rd7 26.
Ne2 Rxd1 27. Bxd1 Rd8 28. Bb3 Rd2 29. Ng3 Nh4+ 30. Kf1 Rxb2 31. Ne4 Kg7 32.
Nd6 Ng6 33. Re1 Ne5 34. h3 Nd3 35. Re2 Rb1+ 36. Kg2 Nf4+ 37. Kf3 Nxe2 38.
Kxe2 b5 39. h4 Kf8 40. h5 Ke7 41. Ne4 f5 0-1

[Event "Najdorf Memorial"]
[Site "Warsaw POL"]
[Date "2024.07.13"]
[Round "5.24"]
[White "Rzewucki, Jan"]
[Black "Johannesson, Ingvar Thor"]
[Result "1/2-1/2"]
[WhiteElo "1960"]
[BlackElo "2314"]

1. e4 e6 2. d4 d5 3. Nc3 Bb4 4. Ne2 Nc6 5. a3 Ba5 6. e5 Nge7 7. h4 O-O 8.
h5 f6 9. h6 g6 10. exf6 Rxf6 11. b4 Bb6 12. Na4 Qf8 13. Nxb6 axb6 14. b5
Na5 15. Ng1 Nf5 16. Nf3 Nd6 17. Bd3 Nac4 18. O-O Bd7 19. Ne5 Bxb5 20. Qg4
Ra4 21. Qh3 Nf5 22. c3 Qe8 23. Bg5 Rf8 24. Bxc4 dxc4 25. Rfe1 Bc6 26. Ng4
Bd5 27. Qh2 Qd7 28. Qe5 Raa8 29. Nf6+ Rxf6 30. Qxf6 Rf8 31. Qe5 Nd6 32. g4
Rf7 33. a4 Qc6 34. a5 bxa5 35. Rxa5 b6 36. Ra2 Ne4 37. Rea1 Qe8 38. Re2 Qc6
39. Rea2 Qe8 40. Re2 Qc6 41. Rea2 1/2-1/2

[Event "Najdorf Memorial"]
[Site "Warsaw POL"]
[Date "2024.07.13"]
[Round "5.25"]
[White "Mirski, Stanislaw"]
[Black "Orzechowski, Jacek"]
[Result "1-0"]
[WhiteElo "2174"]
[BlackElo "2072"]

1. d4 Nf6 2. Nf3 c5 3. d5 g6 4. Nc3 d6 5. e4 Bg7 6. Bc4 O-O 7. O-O Bg4 8.
h3 Bxf3 9. Qxf3 Nbd7 10. Qd1 Ne8 11. a4 Nc7 12. Bg5 Re8 13. Re1 Rb8 14. Ra2
a6 15. a5 b5 16. axb6 Rxb6 17. Qd2 Qb8 18. Nd1 Qb7 19. c3 Ne5 20. Bf1 Qc8
21. f4 h6 22. Bh4 Nd7 23. Ne3 Nf6 24. e5 dxe5 25. fxe5 Ne4 26. Qc2 Ng5 27.
Bxg5 hxg5 28. e6 f5 29. Nc4 Rb8 30. Rd1 Rd8 31. d6 Nxe6 32. dxe7 Rxd1 33.
Qxd1 Qc6 34. Qd6 Qe4 1-0

[Event "Najdorf Memorial"]
[Site "Warsaw POL"]
[Date "2024.07.13"]
[Round "5.26"]
[White "Gibala, Adam"]
[Black "Krawczyk, Wojciech"]
[Result "0-1"]
[WhiteElo "2171"]
[BlackElo "2072"]

1. e4 d6 2. d4 Nf6 3. Nc3 c6 4. f4 g6 5. Nf3 Bg7 6. Bd3 b5 7. a3 a6 8. O-O
Qb6 9. e5 Nd5 10. Nxd5 cxd5 11. c3 Bg4 12. h3 Bxf3 13. Qxf3 e6 14. Kh1 h5
15. f5 gxf5 16. Qg3 Bf8 17. exd6 Bxd6 18. Qg7 Rf8 19. Bg5 Nc6 20. Qh7 Ne7
21. Qxh5 Kd7 22. Bf6 Rg8 23. Rae1 Ng6 24. Qh7 Raf8 25. Bg7 Re8 26. Bh6 Nh8
27. Re2 Bc7 28. a4 Kd8 29. axb5 axb5 30. Bg7 Ng6 31. Bf6+ Kc8 32. Be5 Nxe5
33. dxe5 f6 34. Ra1 fxe5 35. Ra8+ Kb7 36. Rxe8 Rxe8 37. Qd7 Ra8 38. Re1 e4
39. Be2 Ra5 40. b4 Qf2 41. Rb1 Qg3 42. Kg1 Qh2+ 43. Kf1 e3 44. Bf3 Qh1+ 45.
Ke2 Qxb1 46. bxa5 Qc2+ 47. Kxe3 f4+ 48. Kd4 Qd2+ 49. Kc5 Qxc3+ 50. Kxb5
Qxa5# 0-1

[Event "Najdorf Memorial"]
[Site "Warsaw POL"]
[Date "2024.07.13"]
[Round "5.27"]
[White "Lecki, Leonard"]
[Black "Chmiel, Marcin"]
[Result "0-1"]
[WhiteElo "2026"]
[BlackElo "2161"]

1. c4 c6 2. Nf3 d5 3. e3 Nf6 4. Nc3 e6 5. Qc2 Bd6 6. b3 O-O 7. Bb2 e5 8.
cxd5 cxd5 9. Nb5 Nc6 10. Be2 Bb8 11. d4 e4 12. Ne5 Nxe5 13. dxe5 Ng4 14.
Bxg4 Bxg4 15. O-O Qg5 16. Kh1 Bxe5 17. Bxe5 Qxe5 18. Qc7 Qxc7 19. Nxc7 Rad8
20. f3 exf3 21. gxf3 Be6 22. Nb5 Bd7 23. Nd4 Rfe8 24. Rfe1 Rc8 25. Kg1 g6
26. Kf2 Rc3 27. Rad1 Kg7 28. Rd2 Kf6 29. Rc2 Rxc2+ 30. Nxc2 Rc8 31. Nd4 Ke5
32. Ke2 g5 33. Rg1 h6 34. Kd2 f6 35. Ne2 a6 36. a4 b6 37. Rc1 Rxc1 38. Nxc1
Bf5 39. Ne2 h5 40. b4 Bd7 41. a5 bxa5 42. bxa5 h4 43. Nd4 f5 44. f4+ Ke4
45. Nb3 gxf4 46. Nc5+ Kf3 47. exf4 Bb5 48. Ne6 Ke4 49. Kc3 Ke3 50. Nd4 Bd7
51. Nb3 Bc8 52. Nd4 Kxf4 53. Kd3 Bd7 54. Nc2 Ke5 55. Nd4 Kf4 56. Ne2+ Kf3
57. Nd4+ Kf2 58. Nb3 f4 59. Nd4 Kg2 60. Kd2 f3 0-1

[Event "Najdorf Memorial"]
[Site "Warsaw POL"]
[Date "2024.07.13"]
[Round "5.28"]
[White "Aishwin, Daniel"]
[Black "Dmochowska, Agnieszka"]
[Result "1-0"]
[WhiteElo "2155"]
[BlackElo "2013"]

1. e4 c5 2. Nf3 Nc6 3. d4 cxd4 4. Nxd4 e5 5. Nb5 d6 6. c4 a6 7. N5a3 f5 8.
exf5 Bxf5 9. Bd3 Be6 10. Nc3 Nf6 11. Nc2 Be7 12. Ne3 Nd4 13. b3 O-O 14. O-O
Rc8 15. Bb2 Qe8 16. Ne4 Nc6 17. Rc1 Nh5 18. Bb1 Nf4 19. Ng3 Qd7 20. Be4 b5
21. Nd5 Bd8 22. Nxf4 exf4 23. cxb5 axb5 24. Nh5 d5 25. Bf3 Rf7 26. Re1 d4
27. Rxe6 Qxe6 28. Bg4 Rf5 29. Nxf4 Qf7 30. Bxf5 Qxf5 31. Ne2 Bb6 32. Ng3
Qd7 33. Qd3 b4 34. Qf5 Qxf5 35. Nxf5 Re8 36. Kf1 Ne5 37. Bxd4 Bxd4 38. Nxd4
Ra8 39. Nc6 Nxc6 40. Rxc6 Rxa2 41. Rb6 Rb2 42. Rxb4 Kf7 43. h4 h5 44. Rf4+
1-0

[Event "Najdorf Memorial"]
[Site "Warsaw POL"]
[Date "2024.07.13"]
[Round "5.29"]
[White "Kubik, Rafal"]
[Black "Wojtaszewski, Piotr"]
[Result "1-0"]
[WhiteElo "2118"]
[BlackElo "2028"]

1. e4 e6 2. d4 d5 3. e5 c5 4. c3 Nc6 5. Nf3 Qb6 6. a3 c4 7. Nbd2 Na5 8. Rb1
Bd7 9. h4 Ne7 10. h5 h6 11. b4 cxb3 12. Nxb3 Nxb3 13. Rxb3 Qc7 14. Qd3 Nc6
15. Nd2 Na5 16. Rb1 Rc8 17. Rh3 a6 18. Qe3 Ba4 19. Bd3 Qd7 20. Be2 Bc2 21.
Ra1 b5 22. Ra2 Bh7 23. g4 Rb8 24. f4 Nc4 25. Qg3 Nxd2 26. Bxd2 Qc6 27. Rh2
Bb1 28. Rb2 Be4 29. a4 b4 30. cxb4 Qxa4 31. Bd1 Qb5 32. Qa3 Qb6 33. Qa4+
Qb5 34. Qxb5+ axb5 35. Be2 Be7 36. Rh3 O-O 37. Ra2 Rfc8 38. Rc3 Bh4+ 39.
Kd1 Bf2 40. Ra5 Bxd4 41. Rxc8+ Rxc8 42. Ke1 Rc2 43. Bxb5 Rb2 44. Ra8+ Kh7
45. Be8 Bf3 46. Bxf7 Rb1+ 47. Bc1 Rxc1+ 48. Kd2 Be3+ 49. Kxe3 d4+ 50. Kxf3
g5 51. hxg6+ Kg7 52. Rg8# 1-0

[Event "Najdorf Memorial"]
[Site "Warsaw POL"]
[Date "2024.07.13"]
[Round "5.30"]
[White "Rekuc, Patryk"]
[Black "Ishvi, Aggarwal"]
[Result "1-0"]
[WhiteElo "2107"]
[BlackElo "1958"]

1. d4 d5 2. Nf3 Nf6 3. c4 e6 4. e3 Be7 5. b3 O-O 6. Bd3 c5 7. O-O dxc4 8.
bxc4 b6 9. Bb2 Bb7 10. Qe2 Nc6 11. Nbd2 Rc8 12. Rac1 cxd4 13. exd4 Qd6 14.
Rfd1 Rfd8 15. Ne4 Nxe4 16. Bxe4 f5 17. Bb1 Ba6 18. Re1 Bf6 19. h3 Nxd4 20.
Nxd4 Bxd4 21. Bxd4 Qxd4 22. Qxe6+ Kh8 23. Bxf5 g6 24. Bg4 Rf8 25. Rc2 Rxc4
26. Qe7 Qf6 27. Rd2 Rf4 28. Rd7 Qf7 29. Qe5+ Qf6 30. Qxf6+ R4xf6 31. Ree7
Rb8 32. Be6 Rxe6 33. Rxe6 Bc4 34. Ree7 Bg8 35. Rxa7 b5 36. Reb7 Rxb7 37.
Rxb7 Bxa2 38. Rxb5 1-0

[Event "Najdorf Memorial"]
[Site "Warsaw POL"]
[Date "2024.07.13"]
[Round "5.31"]
[White "Szymkiewicz, Witold"]
[Black "Sprzeczka, Emilia"]
[Result "1/2-1/2"]
[WhiteElo "2054"]
[BlackElo "2101"]

1. Nf3 Nf6 2. g3 g6 3. b3 Bg7 4. Bb2 O-O 5. Bg2 d5 6. c4 dxc4 7. bxc4 c5 8.
O-O Nc6 9. Nc3 Rb8 10. Rb1 b6 11. Qa4 Bd7 12. Qd1 a6 13. Ba1 Na5 14. Ne5 b5
15. d4 Bf5 16. e4 cxd4 17. exf5 dxc3 18. fxg6 hxg6 19. Qxd8 Rbxd8 20. cxb5
Nd5 21. Nc6 Nxc6 22. bxc6 c2 23. Rbc1 Bxa1 24. Rxa1 Nc3 25. Bf3 Rd2 26.
Rfe1 e5 27. Rxe5 Rd1+ 28. Bxd1 cxd1=Q+ 29. Rxd1 Nxd1 30. c7 Nb2 31. Re4 Kg7
32. Rb4 Rc8 33. Rxb2 Rxc7 34. Rb6 a5 35. Rb5 a4 36. Rb4 a3 37. Rb3 Ra7 38.
f4 Ra4 39. Kf2 Kf6 40. Kf3 Ra6 41. g4 Ra4 42. h4 Ra5 43. Re3 Ra4 44. Rc3
Ra5 45. g5+ Kg7 46. Kg4 Ra4 47. Rf3 Kh7 48. h5 gxh5+ 49. Kxh5 Ra6 50. f5
Ra5 51. f6 Ra4 52. Re3 Kg8 53. Rd3 Kh7 54. Rd7 Kg8 55. Rd8+ Kh7 56. Rf8 Ra7
57. Re8 Ra4 58. Rc8 Rd4 59. Rc3 Ra4 60. Rg3 Ra5 61. Rh3 Ra4 62. g6+ fxg6+
63. Kg5+ Kg8 64. Kxg6 Rg4+ 65. Kf5 Ra4 66. Rc3 Kf7 67. Rc7+ Kf8 68. Rb7 Rc4
69. Rb8+ Kf7 70. Rb7+ Kf8 71. Rb3 Ra4 72. Rd3 Kf7 73. Rd7+ Kf8 74. Rc7 Rd4
75. Rc8+ Kf7 76. Rc7+ Kf8 77. Rc8+ Kf7 78. Rc7+ 1/2-1/2

[Event "Najdorf Memorial"]
[Site "Warsaw POL"]
[Date "2024.07.13"]
[Round "5.32"]
[White "Lisowski, Krzysztof"]
[Black "Zareba, Piotr"]
[Result "1-0"]
[WhiteElo "2096"]
[BlackElo "2003"]

1. e4 e5 2. Bc4 Nf6 3. d3 c6 4. Nf3 d5 5. Bb3 Bd6 6. O-O dxe4 7. Ng5 O-O 8.
Nxe4 Nxe4 9. dxe4 Qe7 10. Nd2 Nd7 11. c3 Nf6 12. h3 h6 13. Qf3 b6 14. Re1
Ba6 15. Nf1 Bxf1 16. Rxf1 Rfd8 17. g3 Rd7 18. Kg2 Rad8 19. Be3 Bc5 20. Rad1
a5 21. Rxd7 Rxd7 22. Rd1 Rxd1 23. Bxd1 b5 24. Bxc5 Qxc5 25. Qd3 b4 26. Bb3
h5 27. Qd8+ Kh7 28. Bxf7 bxc3 29. bxc3 Qxc3 30. Be6 Kh6 31. Bf5 Nh7 32. Qg8
Nf6 33. Qh8+ Kg5 34. h4# 1-0

[Event "Najdorf Memorial"]
[Site "Warsaw POL"]
[Date "2024.07.13"]
[Round "5.34"]
[White "Siennicki, Gustaw"]
[Black "Tsiapko, Andrii"]
[Result "0-1"]
[WhiteElo "2012"]
[BlackElo "2167"]

1. d4 d5 2. c4 e6 3. Nf3 Nf6 4. g3 Be7 5. Bg2 O-O 6. O-O c6 7. Nc3 Nbd7 8.
Qd3 b6 9. e4 Ba6 10. b3 dxc4 11. Qe2 b5 12. bxc4 bxc4 13. Rd1 Qa5 14. Bd2
Bb4 15. Rac1 Qd8 16. Bg5 h6 17. e5 hxg5 18. Nxg5 Nh7 19. Nxh7 Kxh7 20. Qh5+
Kg8 21. Be4 f5 22. Bxc6 Rc8 23. d5 Nxe5 24. dxe6 Qe7 25. Bd7 Bxc3 26. Rxc3
Rcd8 27. Re3 Ng4 28. Rf3 Nh6 29. Rd4 Bb7 30. Re3 Ng4 31. Re1 Nf6 32. Qh3
Ne4 33. Rxc4 Ng5 34. Qh5 Nf3+ 35. Kf1 Nd2+ 36. Kg1 Nxc4 0-1

[Event "Najdorf Memorial"]
[Site "Warsaw POL"]
[Date "2024.07.13"]
[Round "5.35"]
[White "Nagly, Wojciech"]
[Black "Alvarado, Carlos"]
[Result "1-0"]
[WhiteElo "2016"]
[BlackElo "2108"]

1. d4 Nf6 2. Nf3 e6 3. e3 b6 4. Be2 Bb7 5. O-O Be7 6. c4 O-O 7. Nc3 d5 8.
b3 Nbd7 9. Bb2 a6 10. Qc2 Bd6 11. Rfd1 Qe7 12. cxd5 exd5 13. Bd3 b5 14.
Rac1 Ne4 15. Ne2 Rfe8 16. Ng3 g6 17. Bxe4 dxe4 18. Ne5 Nf6 19. Nc6 Bxc6 20.
Qxc6 Qd7 21. Nxe4 Bxh2+ 22. Kxh2 Qxc6 23. Rxc6 Nxe4 24. f3 Nd6 25. e4 Rec8
26. Rdc1 Ne8 27. d5 Rd8 28. Be5 f5 29. Kg3 fxe4 30. fxe4 Rd7 31. Bxc7 Ng7
32. Be5 Nh5+ 33. Kf3 Rf8+ 34. Ke3 Re8 35. Rc8 Rdd8 36. Rxd8 Rxd8 37. g4 Re8
38. Kd4 Ng7 39. Rc7 1-0

[Event "Najdorf Memorial"]
[Site "Warsaw POL"]
[Date "2024.07.13"]
[Round "5.36"]
[White "Klim, Filip"]
[Black "Sidorczuk, Pawel"]
[Result "1-0"]
[WhiteElo "2000"]
[BlackElo "2096"]

1. e4 Nc6 2. d4 d5 3. e5 Bf5 4. h4 f6 5. g4 Bd7 6. Bf4 fxe5 7. dxe5 e6 8.
Nf3 Bc5 9. c3 Qe7 10. Bd3 O-O-O 11. Bg5 Qf7 12. Bxd8 Nxe5 13. Nd4 Kxd8 14.
Be2 Nf6 15. Nd2 Bb6 16. f3 c5 17. N4b3 Qg6 18. Qb1 Qe8 19. Qc2 c4 20. Nd4
Nd3+ 21. Bxd3 cxd3 22. Qxd3 e5 23. Nf5 e4 24. fxe4 dxe4 25. Qg3 Bc7 26. Qg1
Qg6 27. O-O-O Nxg4 28. Ne3 Bf4 29. Nxg4 Bxg4 30. Rf1 Bh6 31. Qxa7 Kc7 32.
Qc5+ Kb8 33. Qe5+ Ka7 34. h5 Qa6 35. Qxe4 Rd8 36. Qxg4 Rxd2 37. Kb1 Qd3+
38. Ka1 Qc2 39. Qb4 Bf4 40. Rc1 Rh2 41. Rcd1 1-0

[Event "Najdorf Memorial"]
[Site "Warsaw POL"]
[Date "2024.07.13"]
[Round "5.37"]
[White "Zysko, Jan"]
[Black "Lasota, Adam"]
[Result "1-0"]
[WhiteElo "2089"]
[BlackElo "1968"]

1. e4 c5 2. Nc3 e6 3. Nge2 Nc6 4. d4 cxd4 5. Nxd4 Qc7 6. Be3 a6 7. a3 Nf6
8. f4 d6 9. Nxc6 Qxc6 10. Qf3 Be7 11. O-O-O b5 12. Bd3 Bb7 13. g4 O-O 14.
g5 Nd7 15. h4 Nc5 16. f5 Nxd3+ 17. Rxd3 Rfc8 18. Rf1 exf5 19. Qxf5 Qc4 20.
Rf2 Rc7 21. Bb6 g6 22. Qg4 Bc8 23. Qf3 Rb7 24. Nd5 Bf8 25. b3 Qc6 26. Rc3
1-0